00818 2200301 4500001002100000005001500021035002000036007000300056040001700059100003200076245005100108250001000159300003400169504002500203041000800228082000900236084001500245090002500260264003800285336002100323337003000344338002300374650002000397850001000417008004100427990002300468990002500491INLIS00000000000949120260420093640 a0010-1222000096ta aSBPUPADbind0 aHadi Ariyantoro:ePengarang1 aBudi Daya Tanaman Kehutanan /cHadi Ariyantoro aCet.1 aiii 44 hlm. :bilus. ;c17 cm abibiliografi, hlm 440 aind a6394 a6394 HAD b a6394 HAD b L 19 R 10 aYogyakarta :bIntan Sejati,c2006 2rdacontentateks 2rdamediaatanpa perantara 2rdacarrieravolume 4aTeknik Terampil aPUPAD260420 0  a8340/H/KAPD-PDG-09 a8343/H/KAPD-D-PDG-09